000 00371nam a2200133Ia 4500
008 240624s9999 xx 000 0 und d
041 _aeng
082 _a658.4092 AUS
100 _aAUSTIN JAN
245 _aWHAT NO ONE EVER TELLS YOU ABOUT LEADING
260 _c2006
_aUnited States of America
_bKaplan Publishing
300 _axvi, : 247 : p. : cm. ; 23
365 _c
_b26
999 _c20751
_d20751